Nemecko-slovenský turistický slovník

Bibliographic Details
Main Authors: Čierna, Mária, 1940- (Author), Kupkovič, Alexander, 1933- (Author)
Other Authors: Sláviková, Viera (Illustrator)
Format: Book
Language:German
Slovak
PhysicalDescription:107, 200 strán tabuľky 14 cm
Published: Bratislava Slovenské pedagogické nakladateľstvo 1991
ISBN:8008014091
Edition:3. vyd.
Subjects:

MARC

LEADER 00000cam a2200000 a 4500
001 vtls001064784
003 SK-MaSNL
005 20260301193342.0
008 250722s1991 xo l grd 000 0 ger
015 |a SNBA1991/12 
020 |a 8008014091  |q (viazané) 
035 |a SNK000007614 
035 |a urn:nbn:sk:snk-am3i9yz 
035 |a 087D6912-9945-4B99-9A33-4BF12C2118F5 
035 |a urn:nbn:sk:snk-am00dzn3 
040 |a SNK  |b slo  |c SNK  |e AACR2 
041 0 |a ger  |a slo 
044 |a xo  |c SK 
072 7 |a 811.162.4  |x Slovenčina  |2 konspekt 
072 7 |a 811.112.2  |x Nemčina  |2 konspekt 
072 7 |a 796  |x Šport. Hry. Telesné cvičenia  |2 konspekt 
080 |a 811.162.4  |2 2011 
080 |a 811.112.2  |2 2011 
080 |a 796.5  |2 2011 
080 |a (038)81  |2 2011 
100 1 |a Čierna, Mária,  |d 1940-  |4 aut  |9 172576 
245 1 0 |a Nemecko-slovenský turistický slovník  |c Mária Čierna, Alexander Kupkovič ; [ilustrácie Viera Sláviková] 
246 1 8 |a Slovensko-nemecký - nemecko-slovenský turistický slovník 
250 |a 3. vyd. 
260 |a Bratislava  |b Slovenské pedagogické nakladateľstvo  |c 1991 
300 |a 107, 200 strán  |b tabuľky  |c 14 cm 
500 |a Ilustrácie na frontispice a predsádkach. Skratky na strane 16 
500 |a Názov z tiráže: Slovensko-nemecký, nemecko-slovenský turistický slovník 
500 |a Viazané zvratmo 
546 |a Súbežný text v slovenčine 
650 0 7 |a slovenčina  |2 SNKPH  |9 1350 
650 0 7 |a nemčina  |2 SNKPH  |9 1384 
650 0 7 |a turistika  |2 SNKPH  |9 683 
655 7 |a jazykové slovníky  |2 SNKPH  |9 70525 
655 7 |a dvojjazyčné prekladové slovníky  |2 SNKPH  |9 70744 
700 1 |a Kupkovič, Alexander,  |d 1933-  |4 aut  |9 8513 
700 1 |a Sláviková, Viera  |4 ill  |9 277434 
852 |a Slovenská národná knižnica 
919 |a 80-08-01409-1 
954 |a odborná, vedecká literatúra pôvodná (slovenská)  |2 lita 
958 |a EUIPO 
958 |a RK 
958 |a TL 
958 |a DE 
958 |a OND 
999 |c 876913  |d 878843 
952 |a SNK  |b SNK  |y VYP  |7 0  |p 17A0482232  |o snkSE 7975 D1  |i snkKSP 4421/91  |0 0  |1 0  |4 0  |d 2005-10-28  |l 0  |r 2026-02-24 06:02:22  |w 2026-02-24 
952 |a SNK  |b SNK  |y PREZ  |7 0  |p 17A0786261  |o snkSE 7975  |i snkKSP 4420/91  |0 0  |1 0  |4 0  |d 2011-11-10  |f 1  |l 0  |r 2026-02-24 06:02:22  |w 2026-02-24